000 00726nam a22002417a 4500
003 UA-OsUOA
001 63208
007 ta
008 20090918b un ||||| |||| 00| 0 ukr d
090 _a330
_bЖ92
942 _cMG
040 _aUA-OsUOA
_bukr
_cUA-OsUOA
_dUA-OsUOA
245 _aЖурнал європейської економіки
_bВидання Тернопільського національного економічного університету
_cГол. ред. Юрій С.
300 _a111 с.
955 _a1
041 _aukr
080 _a330
022 _a1684-906Х
260 _aТернопіль
044 _aUA
962 _a2002
650 7 _a330 Економіка взагалі
_2UDC
999 _c349304
_d349304